Library Banner

Rejected landscapes-Recycled landscapes/ (Record no. 88499)

MARC details
000 -LEADER
fixed length control field 00510nam a22001697a 4500
005 - DATE AND TIME OF LATEST TRANSACTION
control field 20161101152917.0
008 - FIXED-LENGTH DATA ELEMENTS--GENERAL INFORMATION
fixed length control field 161101b xxu||||| |||| 00| 0 eng d
020 ## - INTERNATIONAL STANDARD BOOK NUMBER
International Standard Book Number 9783639761009
040 ## - CATALOGING SOURCE
Transcribing agency PK-LaUMT
082 ## - DEWEY DECIMAL CLASSIFICATION NUMBER
Classification number 712
Item number DAL-R
100 ## - MAIN ENTRY--PERSONAL NAME
Personal name Dalzero, Silvia
245 ## - TITLE STATEMENT
Title Rejected landscapes-Recycled landscapes/
Remainder of title waste disposal and recycling sites, perspectives and contemporary approaches
Statement of responsibility, etc Silvia Dalzero
260 ## - PUBLICATION, DISTRIBUTION, ETC. (IMPRINT)
Place of publication, distribution, etc Deutschland:
Name of publisher, distributor, etc Scholar's,
Date of publication, distribution, etc 2015
300 ## - PHYSICAL DESCRIPTION
Extent 173 p.
546 ## - LANGUAGE NOTE
Language note EN
942 ## - ADDED ENTRY ELEMENTS (KOHA)
Koha item type Books
Holdings
Withdrawn status Lost status Damaged status Home library Current library Date acquired Full call number Barcode Date last seen Price effective from Koha item type
      UMT Main Campus UMT Main Campus 2016-11-01 712 DAL-R 102445 2022-06-28 2016-11-01 Books